¿Emigrar para volver?: de la asimilación al transnacionalismo /

La idea central del artículo gravita en torno de la evolución y cambio del proceso de asimilación de los inmigrantes en Estados Unidos y en el contexto conceptual y lo singular de los lazos transfronterizos que establecen los emigrantes con su país de origen, y que en cierto sentido le otorgan una a...

Descrizione completa

Salvato in:
Dettagli Bibliografici
Autore principale: Méndez Rodríguez, Alejandro
Natura: testo
Soggetti:
Tags: Aggiungi Tag
Nessun Tag, puoi essere il primo ad aggiungerne!!

MARC

LEADER 00000 a a2200000 04500
001 42528
003
040
100 |a Méndez Rodríguez, Alejandro  
245 |a ¿Emigrar para volver?:   |b de la asimilación al transnacionalismo /  |c Alejandro Méndez Rodríguez  
520 |a La idea central del artículo gravita en torno de la evolución y cambio del proceso de asimilación de los inmigrantes en Estados Unidos y en el contexto conceptual y lo singular de los lazos transfronterizos que establecen los emigrantes con su país de origen, y que en cierto sentido le otorgan una acepción particular tanto al paradigma del transnacionalismo como a la categoría del migrante transnacional. El transnacionalismo se erige como la nueva transformación de los modelos de incorporación de los inmigrantes. En el caso de los emigrantes mexicanos, el espacio social transnacional está configurado por la política migratoria de Estados Unidos, por el carácter y volumen de la migración indocumentada y por las escasas acciones gubernamentales mexicanas.  
650 |a INMIGRANTES  
650 |a MEXICANOS  
650 |a REDES SOCIALES  
650 |a POLITICA MIGRATORIA  
650 |a TEORIA  
650 |a ESTADOS UNIDOS  
773 |g volumen38, número148 ( , 2007), páginas 99-126  
999 |c 27699  |d 27699